| 000 | 00353nam a2200133Ia 4500 | ||
|---|---|---|---|
| 008 | 240624s9999 xx 000 0 und d | ||
| 041 | _aeng | ||
| 082 | _a658 CUN | ||
| 100 | _aCUNLIFFE ANN L | ||
| 245 | _aVERY SHORT FAIRLY INTERESTING AND REASON | ||
| 260 |
_c2009 _aLondon _bSage Publications |
||
| 300 | _ax, : 156 : p. : cm. ; 19 | ||
| 365 |
_cBPS _b30 |
||
| 999 |
_c14520 _d14520 |
||